| Tag |
First Indicator |
Second Indicator |
Subfields |
| LEADER |
00000cam a2200000 a 4500 |
| 001 |
in00000014173 |
| 005 |
20151007052144.0 |
| 008 |
850312s1986 ctua 00010 eng |
| 010 |
|
|
|a 85005133
|
| 020 |
|
|
|a 0819561428 (pbk. : alk. paper) :
|c $8.95
|
| 020 |
|
|
|a 0819551422 (hard : alk. paper) :
|c $16.00
|
| 035 |
|
|
|a (OCoLC)11866929
|
| 035 |
|
|
|9 AAA6534AM
|
| 040 |
|
|
|a DLC
|c DLC
|d m/c
|d TXA
|d UtOrBLW
|
| 049 |
|
|
|a TXAM
|c [A09863193]
|
| 050 |
0 |
0 |
|a PS3575.O78
|b F6 1986
|
| 082 |
0 |
|
|a 811/.54
|2 19
|
| 100 |
1 |
|
|a Young, David,
|d 1936-
|
| 245 |
1 |
0 |
|a Foraging /
|c David Young.
|
| 250 |
|
|
|a 1st ed.
|
| 264 |
|
1 |
|a Middletown, Conn. :
|b Wesleyan University Press ;
|c [1986]
|
| 264 |
|
2 |
|a Scranton, Pa. :
|b Distributed by Harper & Row,
|
| 264 |
|
4 |
|c ©1986
|
| 300 |
|
|
|a 49 pages :
|b illustrations ;
|c 22 cm.
|
| 336 |
|
|
|a text
|b txt
|2 rdacontent
|
| 337 |
|
|
|a unmediated
|b n
|2 rdamedia
|
| 338 |
|
|
|a volume
|b nc
|2 rdacarrier
|
| 490 |
1 |
|
|a Wesleyan poetry
|
| 830 |
|
0 |
|a Wesleyan poetry.
|
| 999 |
|
|
|a MARS
|
| 999 |
f |
f |
|s 6c80303f-518e-3f99-a769-a3206c76072d
|i db5e2e5b-051e-33da-a22d-4105cdff57c1
|t 0
|
| 952 |
f |
f |
|p ric
|a Texas A&M University
|b Rellis Campus
|c Joint Library Facility
|d Remote Storage
|t 0
|e PS3575.O78 F6 1986
|h Library of Congress classification
|i unmediated -- volume
|m A14809863193
|
| 998 |
f |
f |
|a PS3575.O78 F6 1986
|t 0
|l Remote Storage
|